000 00655nam a2200193 a 4500
001 000041684
005 20201002035713.0
008 131015s1996 sp a 000 0 spa d
020 _a840007114X
040 _aDO-SdBNP
_bspa
_cBNPHU
082 _axxx
_bH641f
100 1 _aHilbert, David
_968492
245 1 0 _aFundamentos de la geometría /
_cDavid Hilbert ; introducción José Manuel Sánchez Ron.
260 _aMadrid :
_bConsejo Superior de Investigaciones Científicas,
_c1996.
300 _a319 p. :
_bil. ;
_c21 cm.
490 1 _aTextos universitarios
_v5
700 1 2 _aSánchez Ron, José Manuel
_914923
830 0 _aTextos universitarios
_n5
_968493
999 _c41174
_d41174